| 000 | 01678cam a22003735i 4500 | ||
|---|---|---|---|
| 001 | 016874235 | ||
| 003 | EG-ScBUE | ||
| 005 | 20230103104252.0 | ||
| 008 | 140911t2015 caua f b 001 0 eng d | ||
| 020 | _a9780321985200 (paperback) | ||
| 020 | _a0321985206 (paperback) | ||
| 040 |
_aUk _beng _erda _cUk _dUkCU _dEG-ScBUE |
||
| 082 | 0 | 4 |
_a741.6 _bAIR _222 |
| 100 | 1 |
_aAirey, David, _d1979- _eauthor. _938270 |
|
| 245 | 1 | 0 |
_aLogo design love : _ba guide to creating iconic brand identities / _cDavid Airey. |
| 250 | _aSecond edition. | ||
| 264 | 1 |
_a[San Francisco] : _bNew Riders / Peachpit / Pearson education, _c[2015] |
|
| 264 | 4 | _cc2015 | |
| 300 |
_axiii, 226 pages : _billustrations (black and white, and color) ; _c23 cm |
||
| 336 |
_2rdacontent _atext _btxt |
||
| 337 |
_2rdamedia _aunmediated _bn |
||
| 338 |
_2rdacarrier _avolume _bnc |
||
| 504 | _aIncludes bibliographical references and index. | ||
| 505 | 0 | _aI. The importance of brand identity -- II. The process of design -- III. Moving forward. | |
| 520 | _aIn Logo Design Love, Irish graphic designer David Airey brings the best parts of his wildly popular blog of the same name to the printed page. Just as in the blog, David fills each page of this simple, modern-looking book with gorgeous logos and real world anecdotes that illustrate best practices for designing brand identity systems that last. | ||
| 590 | _ashima | ||
| 650 | 7 |
_aBranding (Marketing) _2BUEsh _910059 |
|
| 650 | 7 |
_aLogos (Symbols) _xDesign. _2BUEsh |
|
| 650 | 7 |
_aIndustrial design coordination. _2BUEsh _937517 |
|
| 651 | _2BUEsh | ||
| 653 |
_bCOMAME _bCOMSCI _cAugust2015 |
||
| 655 | _vReading book | ||
| 942 |
_2ddc _k741.6 AIR _cBB |
||
| 999 |
_c20416 _d20388 |
||